Statistics for Top Musical Acts of All-Time

Click here to take the quiz!

General Stats

  • This quiz has been taken 91,449 times
    (48,480 since last reset)
  • The average score is 22 of 50

Answer Stats

# Song Musical Act % Correct
1Hey JudeThe Beatles
99%
3Jailhouse RockElvis Presley
92%
35Man in the MirrorMichael Jackson
80%
49Crocodile RockElton John
71%
4Gimme ShelterThe Rolling Stones
71%
14Stairway to HeavenLed Zeppelin
71%
36VogueMadonna
70%
9RespectAretha Franklin
68%
6Purple HazeJimi Hendrix
67%
12Good VibrationsThe Beach Boys
67%
39Space OddityDavid Bowie
64%
22With or Without YouU2
63%
31Folsom Prison BluesJohnny Cash
62%
271999Prince
60%
11Buffalo SoldierBob Marley
59%
29Pinball WizardThe Who
59%
5Johnny B. GoodeChuck Berry
51%
23Streets of PhiladelphiaBruce Springsteen
50%
18Let's Get It OnMarvin Gaye
50%
41Riders on the StormThe Doors
49%
37Oh, Pretty WomanRoy Orbison
48%
28Rock the CasbahThe Clash
47%
30Heart-Shaped BoxNirvana
47%
24Great Balls of FireJerry Lee Lewis
41%
8Tutti FruttiLittle Richard
40%
7Sex MachineJames Brown
40%
13Peggy SueBuddy Holly
40%
40CeciliaSimon and Garfunkel
40%
2Tangled Up in BlueBob Dylan
39%
26Blitzkrieg BopThe Ramones
38%
46Me and Bobby McGeeJanis Joplin
35%
10Hit the Road JackRay Charles
34%
34Rockin' in the Free WorldNeil Young
28%
15Higher GroundStevie Wonder
28%
42MoondanceVan Morrison
27%
25Blueberry HillFats Domino
26%
48It's TrickyRun-DMC
25%
45Turn! Turn! Turn!The Byrds
23%
38Working Class HeroJohn Lennon
22%
32The Tracks of My TearsSmokey Robinson
20%
33Wake Up Little SusieThe Everly Brothers
20%
44Fight the PowerPublic Enemy
18%
21Try a Little TendernessOtis Redding
18%
47Because the NightPatti Smith
17%
50Up on Cripple CreekThe Band
14%
19Sweet JaneThe Velvet Underground
13%
16You Send MeSam Cooke
13%
43Everyday PeopleSly and the Family Stone
12%
17Hoochie Coochie ManMuddy Waters
10%
20I'm A ManBo Diddley
4%

Score Distribution

Percentile by Number Answered

Percent of People with Each Score

Your Score History

You have not taken this quiz since the last reset